Welcome to WEB OPAC of MRSPTU Central Library

Manufacturing engineering and technology (Record no. 4667)

MARC details
000 -LEADER
fixed length control field 00387nam a2200157Ia 4500
008 - FIXED-LENGTH DATA ELEMENTS--GENERAL INFORMATION
fixed length control field 230711s9999||||xx |||||||||||||| ||und||
041 ## - LANGUAGE CODE
Language code of text/sound track or separate title ENG
082 ## - DEWEY DECIMAL CLASSIFICATION NUMBER
Classification number 670
Item number KA-M
100 ## - MAIN ENTRY--PERSONAL NAME
Personal name Kalpakjian,Schmid
245 #0 - TITLE STATEMENT
Title Manufacturing engineering and technology
250 ## - EDITION STATEMENT
Edition statement 4th Ed.
260 ## - PUBLICATION, DISTRIBUTION, ETC.
Date of publication, distribution, etc. 2006
Place of publication, distribution, etc. New Delhi
Name of publisher, distributor, etc. Pearson
300 ## - PHYSICAL DESCRIPTION
Extent 1167
650 ## - SUBJECT ADDED ENTRY--TOPICAL TERM
Topical term or geographic name entry element Mechanical Engineering
942 ## - ADDED ENTRY ELEMENTS (KOHA)
Koha item type Book
Holdings
Withdrawn status Lost status Damaged status Not for loan Collection Home library Current library Date acquired Total checkouts Full call number Barcode Date last seen Price effective from Koha item type Date due Date last checked out
          MRSPTU Central Library MRSPTU Central Library     670 KA-M 16316 08/17/2023 08/17/2023 Book    
          MRSPTU Central Library MRSPTU Central Library     670 KA-M 16317 08/17/2023 08/17/2023 Book    
          MRSPTU Central Library MRSPTU Central Library     670 KA-M 16318 08/17/2023 08/17/2023 Book    
          MRSPTU Central Library MRSPTU Central Library   4 670 KA-M 16319 04/15/2026 08/17/2023 Book 05/06/2026 04/15/2026
          MRSPTU Central Library MRSPTU Central Library     670 KA-M 16320 08/17/2023 08/17/2023 Book    
          MRSPTU Central Library MRSPTU Central Library     670 KA-M 16321 08/17/2023 08/17/2023 Book    
          MRSPTU Central Library MRSPTU Central Library     670 KA-M 16322 08/17/2023 08/17/2023 Book    
          MRSPTU Central Library MRSPTU Central Library     670 KA-M 16323 08/17/2023 08/17/2023 Book    
          MRSPTU Central Library MRSPTU Central Library     670 KA-M 16324 08/17/2023 08/17/2023 Book    
          MRSPTU Central Library MRSPTU Central Library     670 KA-M 16325 08/17/2023 08/17/2023 Book    

Website Designed and Developed by MRSPTU Central Library Team

E-mail Id: librarian@mrsptu.ac.in